000 00541nam a2200193 i 4500
001 97661
003 ES-MaACL
005 20250804062541.0
007 t|
008 050715s1984 sp ||||1| spa d
100 1 _aMarías, Julián,
_d1914-2005
_976688
245 1 0 _aBreve tratado de la ilusión /
_cJulián Marías.
260 _aMadrid :
_bAlianza,
_c1984.
300 _a140 p. ;
_c18 cm.
490 1 _aEl libro de bolsillo
830 0 3 _aEl libro de bolsillo
_9177802
852 _aES-MaACL
_jL-6661
_bR.107076
999 _c97661
_d97661